000 00670cam a2200169 i 4500
005 20260203120617.0
008 250721s1989 jo gr 000 0 ara d
082 1 4 _a390.09565
_bس ل م
100 1 _aسلمان، بولس
_eمؤلف.
245 1 0 _aخمسة أعوام في شرقي الأردن :
_bأبحاث أخلاقية ادبية قضائية دينية /
_cبقلم الأشمندريت بولس سلمان.
264 3 1 _aعمان :
_bدار الأهلية للنشر والتوزيع،
_c1989.
300 _a224 صفحة.
650 1 7 _aالأردن.
650 1 7 _aالعادات و التقاليد.
942 _2ddc
_cBK
999 _c69405
_d69405